logo

Bir Sreshtho Munshi Abdur Rouf Library
Jhenaidah Cadet College

C for contests / (Record no. 12173)

MARC details
000 -LEADER
fixed length control field 00724nam a2200253 a 4500
001 - CONTROL NUMBER
JCCL Control Number 12173
003 - CONTROL NUMBER IDENTIFIER
JCCL marc code BD-JhCC
005 - DATE AND TIME OF LATEST TRANSACTION
control field 20220727134023.0
008 - FIXED-LENGTH DATA ELEMENTS--GENERAL INFORMATION
fixed length control field 210322s2010 bg a|||| |||| 000 0 eng d
020 ## - INTERNATIONAL STANDARD BOOK NUMBER
International Standard Book Number 98484801906
035 ## - SYSTEM CONTROL NUMBER
system control number (BD-JhCC)12173
040 ## - CATALOGING SOURCE
Original cataloging agency BD-JhCC
Modifying agency BD-JhCC
041 ## - LANGUAGE CODE
Language code of Book eng
082 ## - DEWEY DECIMAL CLASSIFICATION NUMBER
Classification number 005.133
Author mark and Year MUR 2010
100 ## - MAIN ENTRY--PERSONAL NAME
Personal name Mursalin, Tamnun E.
245 ## - TITLE STATEMENT
Title C for contests /
Statement of responsibility, etc Tamnun E. Mursalin and ed by Arif Ui Alam, Abdullah-Al-Mamun
260 ## - PUBLICATION, DISTRIBUTION, ETC. (IMPRINT)
Place of publication, distribution, etc Dhaka :
Name of publisher, distributor, etc Systech Publiscation,
Date of publication, distribution, etc 2010.
300 ## - PHYSICAL DESCRIPTION
Pagination 566 p. :
Other physical details ill. ;
Dimensions 24 cm.
650 ## - SUBJECT ADDED ENTRY--TOPICAL TERM
Topical term or geographic name as entry element C (Computer program language)
650 ## - SUBJECT ADDED ENTRY--TOPICAL TERM
Topical term or geographic name as entry element Computer programming
700 ## - ADDED ENTRY--PERSONAL NAME
Personal name Arif Ui Alam,
700 ## - ADDED ENTRY--PERSONAL NAME
Personal name Abdullah-Al-Mamun
942 ## - ADDED ENTRY ELEMENTS (KOHA)
Source of classification or shelving scheme Dewey Decimal Classification
Koha item type Books
Koha issues (borrowed), all copies 4
Holdings
Source of classification or shelving scheme Damaged status Not for loan Home library Current library Shelving location Date of accession Cost, normal purchase price Total Checkouts Full call number Barcode Date last seen Date checked out Copy number Koha item type
Dewey Decimal Classification     JCC Rouf Library JCC Rouf Library General Stacks 03/22/2021 292.00 8 005.133 MUR 2010 16406 11/06/2024 10/26/2024 C-1 Books

JCC Library | Contacts | JCC Home

Last Update on 23 September 2017
Copyright @ 2017-2020 JCC Rouf Library
Rouf Library, Jhenidah Cadet College (JCC), Bangladesh